Listen to the emerging markets of Southeast Asia : Long-term strategies for effective partnerships
This book introduce Machine derived contents note: Mapping An Investment Strategy. The Global Economy and Transculturalism. The Rationale for a Co-operative Framework. Investing in Southeast Asia: "Risk" or "Opportunity"? Managing Cross-Cultural Communication. A Comparison of Eur...
Enregistré dans:
| Auteur principal: | |
|---|---|
| Format: | Livre |
| Langue: | Undetermined |
| Publié: |
New York
John Wiley & Sons
1996
|
| Sujets: | |
| Tags: |
Ajouter un tag
Pas de tags, Soyez le premier à ajouter un tag!
|
| Thư viện lưu trữ: | Trung tâm Học liệu Trường Đại học Cần Thơ |
|---|
| LEADER | 01110nam a2200217Ia 4500 | ||
|---|---|---|---|
| 001 | CTU_228732 | ||
| 008 | 210402s9999 xx 000 0 und d | ||
| 082 | |a 337.4059 | ||
| 082 | |b L651 | ||
| 100 | |a Letta, Corrado G. M. | ||
| 245 | 0 | |a Listen to the emerging markets of Southeast Asia : | |
| 245 | 0 | |b Long-term strategies for effective partnerships | |
| 245 | 0 | |c Corrado G.M. Letta | |
| 260 | |a New York | ||
| 260 | |b John Wiley & Sons | ||
| 260 | |c 1996 | ||
| 520 | |a This book introduce Machine derived contents note: Mapping An Investment Strategy. The Global Economy and Transculturalism. The Rationale for a Co-operative Framework. Investing in Southeast Asia: "Risk" or "Opportunity"? Managing Cross-Cultural Communication. A Comparison of European and Asian Corporate Cultures. Negotiating in a Cross-cultural Context. Creating Europe Inc. Learning From the Past. Putting the House of Europe Inc. in Order. | ||
| 650 | |a Đầu tư, Châu Âu,Investments, European | ||
| 650 | |z Đông Nam Á,Southeast Asia | ||
| 910 | |b dqhieu | ||
| 980 | |a Trung tâm Học liệu Trường Đại học Cần Thơ | ||